Biggest cities not in a country in the top 100 - Statistics

General Stats
  • This quiz has been taken 31 times
  • The average score is 15 of 30
Answer Stats
Population Answer % Correct
6,157,000 Singapore
83%
1,789,000 Montevideo
79%
1,120,000 Managua
76%
1,116,000 Oslo
76%
1,504,000 San Jose
76%
1,132,000 San Salvador
76%
2,054,000 Panama City
72%
3,627,000 Asuncion
69%
3,405,000 Kuwait City
69%
1,355,000 Helsinki
66%
1,100,000 Yerevan
66%
2,379,000 Beirut
62%
1,400,000 Copenhagen
59%
1,702,000 Muscat
59%
1,087,000 Tbilisi
55%
1,711,000 Auckland
52%
1,387,000 Freetown
48%
1,412,000 Belgrade
45%
1,286,000 Sofia
45%
1,794,000 Monrovia
41%
1,724,000 Ulaanbaatar
41%
2,813,000 Brazzaville
38%
1,455,000 Zurich
38%
1,151,000 Bishkek
34%
2,070,000 Minsk
31%
1,152,000 Asmara
28%
1,204,000 Tripoli
28%
1,613,000 Nouakchott
24%
1,423,000 Pointe-Noire
7%
1,034,000 Misrata
0%
No matching quizzes found
Score Distribution
Percent of People with Each Score
Percentile by Number Answered
Your Score History
You have not taken this quiz